Statistics for Largest Immigrant Group by Brazilian State

Click here to take the quiz!

General Stats

  • This quiz has been taken 174 times
  • The average score is 8 of 10

Answer Stats

Country% Correct
Portugal
97%
Germany
94%
Italy
92%
Spain
92%
United States
90%
Japan
86%
United Kingdom
85%
France
82%
China
77%
Cuba
26%

Score Distribution

Percentile by Number Answered

Percent of People with Each Score

Your Score History

You have not taken this quiz